[Event "FRA-chT2 0910"]
[Site "France"]
[Date "2009.12.12"]
[Round "5.8"]
[White "Tatard, Marie"]
[Black "Bourgeois, Ludovic"]
[Result "0-1"]
[WhiteElo "1882"]
[BlackElo "1740"]
[PlyCount "80"]
[EventDate "2009.09.27"]
[EventType "team"]
[EventRounds "11"]
[EventCountry "FRA"]
[SourceDate "2009.07.26"]

1. e4 c6 2. d4 d5 3. e5 c5 4. c3 Nc6 5. Nf3 Bg4 6. Be2 e6 7. h3 Bxf3 8. Bxf3
Qb6 9. O-O cxd4 10. cxd4 Nxd4 11. Nc3 Nxf3+ 12. Qxf3 Ne7 13. Qe2 a6 14. Rd1 Ng6
15. Kh1 Bc5 16. Na4 Qc7 17. Nxc5 Qxc5 18. f4 Ne7 19. Be3 Qa5 20. Qf2 Rc8 21. a3
O-O 22. Rac1 Nf5 23. Bc5 Rfd8 24. g4 Nh6 25. Rc2 Qa4 26. Rd4 Qc6 27. Rd3 b6 28.
Rdd2 bxc5 29. Kh2 Qb5 30. Rd1 Kf8 31. Qf3 Qa4 32. Rdc1 c4 33. Qf2 Qd7 34. Qd4
Qe7 35. Kg3 Qc5 36. Qc3 Rc7 37. b4 Qb6 38. Rd1 Rcd7 39. Rcd2 Rc8 40. Rc1 Rb8
0-1

[Event "FRA-chT2 0910"]
[Site "France"]
[Date "2009.12.12"]
[Round "5.1"]
[White "Boulard, Eric"]
[Black "Saiboulatov, Danial"]
[Result "0-1"]
[WhiteElo "2249"]
[BlackElo "2391"]
[PlyCount "58"]
[EventDate "2009.09.27"]
[EventType "team"]
[EventRounds "11"]
[EventCountry "FRA"]
[SourceDate "2009.07.26"]

1. e4 e6 2. d4 d5 3. Nd2 Nf6 4. e5 Nfd7 5. f4 c5 6. c3 Nc6 7. Ndf3 Qb6 8. g3
Be7 9. Bh3 O-O 10. Ne2 cxd4 11. cxd4 f6 12. Rf1 Kh8 13. Rf2 Qd8 14. g4 Nb6 15.
Ng3 Bd7 16. f5 fxe5 17. dxe5 Nc4 18. Qe2 Rc8 19. g5 Bc5 20. Rg2 exf5 21. g6
N6xe5 22. Ng5 Qe8 23. Nxh7 Nf3+ 24. Kd1 Nxb2+ 25. Bxb2 Ba4+ 26. Kc1 Be3+ 27.
Kb1 Nd2+ 28. Qxd2 Bxd2 29. Bxg7+ Kxg7 0-1

[Event "FRA-chT2 0910"]
[Site "France"]
[Date "2009.12.12"]
[Round "5.3"]
[White "Dussart, Frederic"]
[Black "Bauduin, Etienne"]
[Result "1-0"]
[WhiteElo "2274"]
[BlackElo "2245"]
[PlyCount "49"]
[EventDate "2009.09.27"]
[EventType "team"]
[EventRounds "11"]
[EventCountry "FRA"]
[SourceDate "2009.07.26"]

1. e4 e6 2. d4 d5 3. Nc3 Nf6 4. Bg5 dxe4 5. Nxe4 Nbd7 6. Nf3 h6 7. Bxf6 Nxf6 8.
Bd3 Nxe4 9. Bxe4 Bd6 10. Qe2 c5 11. O-O-O Qb6 12. Rd3 cxd4 13. Rb3 Qa5 14. Kb1
O-O 15. Nxd4 Rd8 16. Rd1 Bc5 17. Rbd3 Bxd4 18. Rxd4 Re8 19. Rd6 g6 20. h4 Rb8
21. g4 Kg7 22. h5 g5 23. Bd5 exd5 24. Qxe8 Bxg4 25. Qe5+ 1-0

[Event "FRA-chT2 0910"]
[Site "France"]
[Date "2009.12.12"]
[Round "5.4"]
[White "Andrieux, Pascal"]
[Black "Gollain, Marc"]
[Result "1/2-1/2"]
[WhiteElo "2247"]
[BlackElo "2183"]
[PlyCount "87"]
[EventDate "2009.09.27"]
[EventType "team"]
[EventRounds "11"]
[EventCountry "FRA"]
[SourceDate "2009.07.26"]

1. e4 c5 2. Nc3 Nc6 3. g3 g6 4. Bg2 Bg7 5. Nge2 Rb8 6. a4 a6 7. d3 b5 8. axb5
axb5 9. f4 b4 10. Nd5 e6 11. Ne3 Nge7 12. O-O f5 13. c3 d5 14. exd5 exd5 15. d4
bxc3 16. bxc3 c4 17. Kh1 O-O 18. Ng1 Be6 19. Nf3 Qc7 20. Ng5 Qd7 21. Re1 Bf7
22. Ba3 Rfe8 23. Qa4 Ra8 24. Qc2 Rad8 25. Bc5 Bf6 26. Nxf7 Kxf7 27. Bf3 Ra8 28.
Rxa8 Rxa8 29. Qg2 Rd8 30. g4 fxg4 31. Bxg4 Qc7 32. f5 Kg7 33. fxg6 hxg6 34. Bf3
Rh8 35. Ng4 Bh4 36. Rg1 Nf5 37. Rf1 Be7 38. Bxe7 Ncxe7 39. Kg1 Qd6 40. Re1 Nh4
41. Qe2 Nxf3+ 42. Qxf3 Rb8 43. Ne5 Rf8 44. Qe2 1/2-1/2

[Event "FRA-chT2 0910"]
[Site "France"]
[Date "2009.12.12"]
[Round "5.5"]
[White "Brionne, Thierry"]
[Black "Goasdoue, Vincent"]
[Result "1/2-1/2"]
[WhiteElo "2152"]
[BlackElo "2140"]
[PlyCount "86"]
[EventDate "2009.09.27"]
[EventType "team"]
[EventRounds "11"]
[EventCountry "FRA"]
[SourceDate "2009.07.26"]

1. d4 c5 2. d5 Nf6 3. c4 Ne4 4. f3 Qa5+ 5. Nd2 Nd6 6. e4 g6 7. e5 Nf5 8. Bd3
Nd4 9. Ne2 Bg7 10. Nxd4 cxd4 11. Qe2 O-O 12. O-O Na6 13. Nb3 Qc7 14. f4 d6 15.
Nxd4 dxe5 16. Nb5 Qb8 17. f5 Nc5 18. Bc2 a5 19. Be3 b6 20. Rad1 gxf5 21. Bxf5
Bxf5 22. Rxf5 f6 23. Bxc5 bxc5 24. Qe4 Ra6 25. Rh5 h6 26. Qg6 e4 27. Qxe4 f5
28. Rxf5 Rxf5 29. Qxf5 Rf6 30. Qe4 Qf8 31. Qe2 Qb8 32. b3 Qf4 33. Rf1 Qg5 34.
Rxf6 Bxf6 35. g3 h5 36. Kg2 Be5 37. Qf2 h4 38. Na7 Qg4 39. Qf3 h3+ 40. Kf2 Qd4+
41. Ke2 Qb2+ 42. Ke3 Qd4+ 43. Ke2 Qb2+ 1/2-1/2

[Event "FRA-chT2 0910"]
[Site "France"]
[Date "2009.12.12"]
[Round "5.6"]
[White "Stawiarski, Edmond"]
[Black "Marin, Frederic Vincent"]
[Result "1-0"]
[WhiteElo "2134"]
[BlackElo "2050"]
[PlyCount "81"]
[EventDate "2009.09.27"]
[EventType "team"]
[EventRounds "11"]
[EventCountry "FRA"]
[SourceDate "2009.07.26"]

1. d4 Nf6 2. Nf3 g6 3. Bf4 Bg7 4. e3 d6 5. c4 Nbd7 6. Nc3 O-O 7. h3 Qe8 8. Be2
e5 9. Bh2 c6 10. O-O Qe7 11. b4 Ne8 12. c5 d5 13. Qb3 f5 14. b5 e4 15. Nd2 Kh8
16. bxc6 bxc6 17. Nxd5 Qd8 18. Nb4 Nb8 19. Nc2 Nc7 20. Nc4 Ba6 21. Nb4 Nd5 22.
Nxa6 Nxa6 23. Bd6 f4 24. exf4 Nxf4 25. Bxf4 Rxf4 26. Nd6 Nc7 27. Nf7+ Rxf7 28.
Qxf7 Nd5 29. Rac1 Qg5 30. Qe6 Nf4 31. Qxe4 Nxh3+ 32. Kh2 Nf4 33. Bf3 Nd5 34.
Qg4 Qxg4 35. Bxg4 Bxd4 36. Bf3 Nb4 37. Rc4 Be5+ 38. g3 Nxa2 39. Bxc6 Rc8 40.
Bd7 Rc7 41. c6 1-0

[Event "FRA-chT2 0910"]
[Site "France"]
[Date "2009.12.12"]
[Round "5.7"]
[White "San Marco, Jean"]
[Black "Leruste, Georges"]
[Result "0-1"]
[WhiteElo "2008"]
[BlackElo "2135"]
[PlyCount "62"]
[EventDate "2009.09.27"]
[EventType "team"]
[EventRounds "11"]
[EventCountry "FRA"]
[SourceDate "2009.07.26"]

1. d4 e6 2. Bf4 c5 3. e3 Nf6 4. c3 d5 5. Nf3 Nc6 6. Bd3 Bd6 7. Bg3 Qe7 8. Nbd2
e5 9. dxe5 Nxe5 10. Nxe5 Bxe5 11. Bxe5 Qxe5 12. Nf3 Qe7 13. Bb5+ Bd7 14. Bxd7+
Qxd7 15. Ne5 Qb5 16. Qb3 Qa6 17. O-O-O O-O 18. Kb1 b5 19. g4 Qe6 20. f4 Rfb8
21. g5 c4 22. Qc2 Ne4 23. Nf3 b4 24. cxb4 Rxb4 25. Nd4 Qc8 26. Ka1 Rab8 27. Rb1
Nc5 28. Nf5 Qd7 29. Rhd1 Nb3+ 30. axb3 cxb3 31. Ne7+ Kh8 0-1

[Event "FRA-chT2 0910"]
[Site "France"]
[Date "2009.12.12"]
[Round "5.8"]
[White "Belloc, Sidonie"]
[Black "Mousset Evtouchenko, Nina"]
[Result "1-0"]
[WhiteElo "1809"]
[BlackElo "1753"]
[PlyCount "61"]
[EventDate "2009.09.27"]
[EventType "team"]
[EventRounds "11"]
[EventCountry "FRA"]
[SourceDate "2009.07.26"]

1. e4 e5 2. Nf3 Nc6 3. d4 exd4 4. Nxd4 Nf6 5. Nc3 Bb4 6. Nxc6 bxc6 7. Bd3 h6 8.
O-O O-O 9. Bd2 d5 10. f3 d4 11. Ne2 c5 12. c3 Ba5 13. b4 dxc3 14. bxa5 cxd2 15.
Qc2 c6 16. Qc3 Be6 17. Rfd1 Qe7 18. Rxd2 c4 19. Bc2 Qc5+ 20. Kh1 Qg5 21. Nd4
Qe5 22. Rad1 Rab8 23. Qa3 Bd7 24. Ba4 Qc7 25. Qc5 Rfc8 26. Rc2 Be8 27. Rxc4 Nd7
28. Qe7 Qxa5 29. Nxc6 Qa6 30. Nxb8 Rxb8 31. Bxd7 1-0

[Event "FRA-chT2 0910"]
[Site "France"]
[Date "2009.12.12"]
[Round "5.1"]
[White "Bousmaha, Abderahmane"]
[Black "Gulbas, Cemil"]
[Result "0-1"]
[WhiteElo "2073"]
[BlackElo "2359"]
[PlyCount "50"]
[EventDate "2009.09.27"]
[EventType "team"]
[EventRounds "11"]
[EventCountry "FRA"]
[SourceDate "2009.07.26"]

1. e4 d6 2. d4 Nf6 3. Nc3 g6 4. Be3 c6 5. Qd2 b5 6. Bd3 Nbd7 7. Nge2 e5 8. f4
b4 9. Nd1 exd4 10. Nxd4 c5 11. Nf3 Bg7 12. Nf2 O-O 13. O-O Bb7 14. c3 bxc3 15.
bxc3 Re8 16. Qc2 Nd5 17. Bd2 N5b6 18. Rab1 c4 19. Be2 Nc5 20. Be3 Nxe4 21. Bxb6
axb6 22. Bxc4 Nxc3 23. Rbe1 Bxf3 24. gxf3 Qf6 25. Ne4 Qd4+ 0-1

[Event "FRA-chT2 0910"]
[Site "France"]
[Date "2009.12.12"]
[Round "5.2"]
[White "Hautot, Stephane"]
[Black "Bekkat, Azzedine"]
[Result "1-0"]
[WhiteElo "2409"]
[BlackElo "2274"]
[PlyCount "61"]
[EventDate "2009.09.27"]
[EventType "team"]
[EventRounds "11"]
[EventCountry "FRA"]
[SourceDate "2009.07.26"]

1. e4 c5 2. Nf3 d6 3. d4 cxd4 4. Nxd4 Nf6 5. Nc3 g6 6. Be3 Bg7 7. f3 Nc6 8. Qd2
Bd7 9. O-O-O Rc8 10. Kb1 a6 11. g4 b5 12. h4 h5 13. g5 Nh7 14. Nd5 O-O 15. Nxc6
Rxc6 16. Nb4 Rc8 17. Nxa6 Ra8 18. Nb4 Qa5 19. Bd4 Bxd4 20. Qxd4 Rfc8 21. a3 Be6
22. e5 Nf8 23. exd6 exd6 24. Bd3 Nd7 25. Be4 Rc4 26. Qxd6 Ra7 27. Nc6 Rxc6 28.
Bxc6 b4 29. Bxd7 bxa3 30. Bxe6 axb2 31. Qd8+ 1-0

[Event "FRA-chT2 0910"]
[Site "France"]
[Date "2009.12.12"]
[Round "5.3"]
[White "Mehaibia, Azzedine"]
[Black "Simon, Olivier"]
[Result "0-1"]
[WhiteElo "2113"]
[BlackElo "2314"]
[PlyCount "58"]
[EventDate "2009.09.27"]
[EventType "team"]
[EventRounds "11"]
[EventCountry "FRA"]
[SourceDate "2009.07.26"]

1. e4 c5 2. Nf3 e6 3. d4 cxd4 4. Nxd4 a6 5. Nc3 Qc7 6. g3 Bb4 7. Nde2 Nf6 8.
Bg2 Be7 9. O-O O-O 10. Be3 Ng4 11. Bd4 Nc6 12. Nf4 Nxd4 13. Qxg4 d6 14. Qd1 Nc6
15. Nd3 b5 16. f4 Bb7 17. f5 Bf6 18. Nf4 Rfe8 19. Nh5 Bd4+ 20. Kh1 Bxc3 21.
bxc3 exf5 22. Rxf5 Na5 23. Qd4 f6 24. Rd1 Red8 25. Nf4 Qf7 26. Nd5 Bxd5 27.
exd5 Rdc8 28. Rdf1 Rc4 29. Qd2 Qc7 {suite illisible} 0-1

[Event "FRA-chT2 0910"]
[Site "France"]
[Date "2009.12.12"]
[Round "5.4"]
[White "Dal Borgo, Albin"]
[Black "Maillot, Fabien"]
[Result "1-0"]
[WhiteElo "2163"]
[BlackElo "2055"]
[PlyCount "37"]
[EventDate "2009.09.27"]
[EventType "team"]
[EventRounds "11"]
[EventCountry "FRA"]
[SourceDate "2009.07.26"]

1. d4 Nf6 2. Bg5 c5 3. Bxf6 gxf6 4. d5 d6 5. c4 Bg7 6. Nc3 Na6 7. e3 Bd7 8. Bd3
Rb8 9. Nge2 Nc7 10. Ng3 b5 11. cxb5 Nxb5 12. Nh5 Bh6 13. Qc2 Qa5 14. O-O Nxc3
15. bxc3 Ba4 16. Qe2 Qxc3 17. Rab1 Rxb1 18. Rxb1 Rf8 19. Bb5+ 1-0

[Event "FRA-chT2 0910"]
[Site "France"]
[Date "2009.12.12"]
[Round "5.5"]
[White "Guedouar, Houssem"]
[Black "Frederic, Clement"]
[Result "1-0"]
[WhiteElo "1999"]
[BlackElo "2185"]
[PlyCount "67"]
[EventDate "2009.09.27"]
[EventType "team"]
[EventRounds "11"]
[EventCountry "FRA"]
[SourceDate "2009.07.26"]

1. c4 e6 2. Nf3 f5 3. e3 Nf6 4. Nc3 b6 5. d4 Bb4 6. Qb3 Bxc3+ 7. Qxc3 Bb7 8.
Be2 d6 9. O-O Nbd7 10. b3 O-O 11. Bb2 Ne4 12. Qc2 Rf6 13. Rad1 Rg6 14. b4 Ng5
15. d5 Nxf3+ 16. Bxf3 Qh4 17. Rd4 Qg5 18. h4 Qe7 19. h5 Rh6 20. Rf4 g5 21. dxe6
gxf4 22. Bxb7 Qh4 23. Qxf5 Rf8 24. e7 Rxf5 25. e8=Q+ Nf8 26. Bd5+ Rxd5 27. cxd5
f3 28. Bg7 Kxg7 29. Rc1 Rxh5 30. Rxc7+ Kf6 31. Qxf8+ Ke5 32. Qg7+ Kxd5 33. Qf7+
Ke4 34. Rc4+ 1-0

[Event "FRA-chT2 0910"]
[Site "France"]
[Date "2009.12.12"]
[Round "5.6"]
[White "Przymusinski, Nicolas"]
[Black "Gatine, Aurelia"]
[Result "1-0"]
[WhiteElo "2155"]
[BlackElo "2007"]
[PlyCount "71"]
[EventDate "2009.09.27"]
[EventType "team"]
[EventRounds "11"]
[EventCountry "FRA"]
[SourceDate "2009.07.26"]

1. c4 g6 2. g3 Bg7 3. Bg2 d6 4. Nc3 e5 5. e4 Ne7 6. Nge2 Nbc6 7. O-O Be6 8. d3
Qd7 9. Nd5 Bxd5 10. cxd5 Nd4 11. Nxd4 exd4 12. f4 f5 13. Bd2 O-O 14. Qb3 Kh8
15. Rac1 fxe4 16. dxe4 c5 17. a4 Rab8 18. Qb5 Qg4 19. Bf3 Qh3 20. b4 b6 21. Qe2
Qd7 22. b5 a6 23. Bg4 Qa7 24. Ra1 d3 25. Qxd3 axb5 26. Qxb5 Bd4+ 27. Kg2 Ng8
28. Rae1 Nf6 29. Bd1 Rbe8 30. Bc2 Re7 31. e5 Nxd5 32. exd6 Rxe1 33. Rxe1 Rd8
34. Re8+ Rxe8 35. Qxe8+ Kg7 36. d7 1-0

[Event "FRA-chT2 0910"]
[Site "France"]
[Date "2009.12.12"]
[Round "5.7"]
[White "Brieussel, Benoit"]
[Black "Regniez, Jeremy"]
[Result "1-0"]
[WhiteElo "1900"]
[BlackElo "1817"]
[PlyCount "51"]
[EventDate "2009.09.27"]
[EventType "team"]
[EventRounds "11"]
[EventCountry "FRA"]
[SourceDate "2009.07.26"]

1. e4 e6 2. d4 a6 3. c4 b6 4. Nf3 Bb7 5. Bd3 c5 6. O-O Qc7 7. Re1 cxd4 8. Nxd4
Bd6 9. Qh5 Nf6 10. Qh3 h6 11. Nd2 Nc6 12. Nxc6 Bxc6 13. Nf3 Be5 14. Nxe5 Qxe5
15. f4 Qd4+ 16. Qe3 Qxe3+ 17. Rxe3 b5 18. c5 a5 19. Bd2 O-O 20. Rf1 Rfc8 21. e5
Nd5 22. Rg3 b4 23. f5 Kf8 24. f6 g6 25. Bxh6+ Kg8 26. Rh3 1-0

[Event "FRA-chT2 0910"]
[Site "France"]
[Date "2009.12.12"]
[Round "5.8"]
[White "Durczak, Melanie"]
[Black "Gerthoffer, Eric"]
[Result "1/2-1/2"]
[WhiteElo "1694"]
[BlackElo "1530"]
[PlyCount "94"]
[EventDate "2009.09.27"]
[EventType "team"]
[EventRounds "11"]
[EventCountry "FRA"]
[SourceDate "2009.07.26"]

1. d4 Nf6 2. Nf3 b6 3. e3 e6 4. Bd3 Bb7 5. Nbd2 c5 6. O-O cxd4 7. exd4 Qc7 8.
c3 Bd6 9. Qc2 Ng4 10. h3 Nh2 11. Nxh2 Bxh2+ 12. Kh1 Bd6 13. Ne4 h6 14. Re1 Nc6
15. Nxd6+ Qxd6 16. Be4 O-O-O 17. Be3 f5 18. Bf3 g5 19. a4 h5 20. Bxg5 Rdg8 21.
Bf6 Rh6 22. Be5 Nxe5 23. Bxb7+ Kxb7 24. dxe5 Qc6 25. f3 Rhg6 26. Re2 h4 27. Rd1
R8g7 28. Rd4 Rg3 29. Rd6 Qc4 30. b3 Qc5 31. Qc1 Kc8 32. Rd4 Kb7 33. Rc4 Qf8 34.
Qd1 Qg8 35. Qd6 Qb8 36. Qxb8+ Kxb8 37. Rxh4 Kc7 38. Rd4 Kc6 39. Red2 R3g5 40.
f4 Rg3 41. R4d3 Kc7 42. Kh2 R3g6 43. b4 a6 44. g3 Rh6 45. Rg2 Kc6 46. c4 Rh8
47. Rd6+ Kc7 1/2-1/2

[Event "FRA-chT2 0910"]
[Site "France"]
[Date "2009.12.13"]
[Round "6.2"]
[White "Bernard, Vincent"]
[Black "Laurent, Bruno"]
[Result "1/2-1/2"]
[WhiteElo "2191"]
[BlackElo "2355"]
[PlyCount "84"]
[EventDate "2009.09.27"]
[EventType "team"]
[EventRounds "11"]
[EventCountry "FRA"]
[SourceDate "2009.07.26"]

1. Nf3 Nf6 2. c4 g6 3. Nc3 Bg7 4. e4 d6 5. d4 O-O 6. Be2 Na6 7. O-O e5 8. Be3
Ng4 9. Bg5 Qe8 10. d5 h6 11. Bd2 f5 12. Ne1 Nf6 13. f3 g5 14. exf5 Bxf5 15. Bd3
e4 16. fxe4 Bg4 17. Be2 Bd7 18. Nd3 Qe7 19. Nf2 Nc5 20. Qc2 a5 21. Rae1 Be8 22.
Nd3 Nxd3 23. Bxd3 Ng4 24. e5 Rxf1+ 25. Bxf1 Bxe5 26. h3 Nf6 27. Bd3 Bd7 28. Bf5
Rf8 29. Bxd7 Qxd7 30. Qg6+ Qg7 31. Qxg7+ Kxg7 32. g4 Kg6 33. Rf1 Re8 34. Re1
Rf8 35. Rf1 Rh8 36. Kg2 h5 37. gxh5+ Rxh5 38. b3 Rh4 39. Be1 Rd4 40. Nb5 Rd3
41. Nxc7 Kh5 42. Ne6 a4 1/2-1/2

[Event "FRA-chT2 0910"]
[Site "France"]
[Date "2009.12.13"]
[Round "6.3"]
[White "Bauduin, Etienne"]
[Black "Fournet, Arnaud"]
[Result "1-0"]
[WhiteElo "2245"]
[BlackElo "2197"]
[PlyCount "77"]
[EventDate "2009.09.27"]
[EventType "team"]
[EventRounds "11"]
[EventCountry "FRA"]
[SourceDate "2009.07.26"]

1. c4 e5 2. g3 Nf6 3. Bg2 d5 4. cxd5 Nxd5 5. Nc3 Nb6 6. Nf3 Nc6 7. O-O Be7 8.
a3 a5 9. d3 O-O 10. Be3 Re8 11. Rc1 Bf8 12. Re1 Nd4 13. Ne4 a4 14. Nxd4 exd4
15. Bf4 c6 16. Bd2 Be6 17. e3 Bb3 18. Qe2 Nd7 19. Bb4 Bxb4 20. axb4 dxe3 21.
fxe3 Qb6 22. Nc5 Nf6 23. Qd2 Rad8 24. Nxb3 axb3 25. Rc4 Rd6 26. Rf4 Qb5 27. d4
g5 28. Rf2 Nd5 29. Bxd5 Qxd5 30. Qd3 Re4 31. Ref1 f5 32. Rxf5 Re5 33. Rf8+ Kg7
34. R1f7+ Qxf7 35. Rxf7+ Kxf7 36. Qxh7+ Ke6 37. dxe5 Kxe5 38. Qe7+ Re6 39.
Qxg5+ 1-0

[Event "FRA-chT2 0910"]
[Site "France"]
[Date "2009.12.13"]
[Round "6.4"]
[White "Toma, Michal"]
[Black "Andrieux, Pascal"]
[Result "1-0"]
[WhiteElo "2203"]
[BlackElo "2247"]
[PlyCount "49"]
[EventDate "2009.09.27"]
[EventType "team"]
[EventRounds "11"]
[EventCountry "FRA"]
[SourceDate "2009.07.26"]

1. e4 e6 2. d4 d5 3. Nd2 Nf6 4. e5 Nfd7 5. Bd3 b6 6. Ne2 Ba6 7. Bxa6 Nxa6 8.
O-O c5 9. c3 cxd4 10. cxd4 Nb4 11. a3 Nc6 12. b4 b5 13. Nb3 Nb6 14. Nf4 g6 15.
Qg4 h5 16. Qh3 Qd7 17. Nd3 Na4 18. Bg5 a5 19. Bf6 Rg8 20. Rfc1 axb4 21. axb4
Rc8 22. Ndc5 Bxc5 23. Nxc5 Nxc5 24. Rxc5 Nxd4 25. Qd3 1-0

[Event "FRA-chT2 0910"]
[Site "France"]
[Date "2009.12.13"]
[Round "6.6"]
[White "Aflalo, Sophie"]
[Black "Goasdoue, Vincent"]
[Result "0-1"]
[WhiteElo "2036"]
[BlackElo "2140"]
[PlyCount "94"]
[EventDate "2009.09.27"]
[EventType "team"]
[EventRounds "11"]
[EventCountry "FRA"]
[SourceDate "2009.07.26"]

1. e4 g6 2. d4 Bg7 3. f4 d6 4. Nf3 e6 5. Bd3 Ne7 6. O-O O-O 7. Qe1 f5 8. Nbd2
h6 9. Kh1 Qe8 10. c4 Nbc6 11. Nb3 a5 12. Be3 fxe4 13. Bxe4 a4 14. Nc1 d5 15.
Bd3 Nf5 16. Bxf5 exf5 17. c5 Nb4 18. Qxb4 Qxe3 19. Ne5 Bxe5 20. dxe5 Qe4 21.
Qd2 Bd7 22. Rd1 Bc6 23. Ne2 g5 24. Re1 Rad8 25. Nd4 Qxf4 26. Qxf4 gxf4 27. Ne6
d4 28. Kg1 Be4 29. Kf2 Rd5 30. Nxf8 Kxf8 31. g3 fxg3+ 32. Kxg3 Rxe5 33. Rad1
Rd5 34. Kf4 d3 35. Rd2 Rxc5 36. Rg1 Rc2 37. Rxc2 dxc2 38. Ke3 Kf7 39. Kf4 Kf6
40. Ke3 b5 41. Kd2 h5 42. h4 f4 43. Rg8 f3 44. Rc8 c6 45. Re8 Kf5 46. Rg8 Kf4
47. Rg5 f2 0-1

[Event "FRA-chT2 0910"]
[Site "France"]
[Date "2009.12.13"]
[Round "6.7"]
[White "Stawiarski, Edmond"]
[Black "Palacios Aguilar, Diego Andre"]
[Result "1-0"]
[WhiteElo "2134"]
[BlackElo "1940"]
[PlyCount "65"]
[EventDate "2009.09.27"]
[EventType "team"]
[EventRounds "11"]
[EventCountry "FRA"]
[SourceDate "2009.07.26"]

1. d4 d5 2. Nf3 Nf6 3. Bf4 Bf5 4. e3 c6 5. c4 e6 6. Nc3 Nh5 7. Bg5 Qa5 8. a3
Nd7 9. h3 Nhf6 10. b4 Qc7 11. Rc1 h6 12. Bh4 g5 13. Bg3 Bd6 14. Bxd6 Qxd6 15.
c5 Qc7 16. Be2 e5 17. dxe5 Nxe5 18. Qd4 Nfd7 19. Nd2 O-O-O 20. b5 Nf8 21. b6
axb6 22. cxb6 Qb8 23. Nb5 Ne6 24. Qc3 Kd7 25. Nc7 f6 26. Nxe6 Kxe6 27. Nb3 Be4
28. f3 Bg6 29. f4 Nd7 30. f5+ Ke7 31. fxg6 Qg3+ 32. Kf1 Nc5 33. Nd4 1-0

[Event "FRA-chT2 0910"]
[Site "France"]
[Date "2009.12.13"]
[Round "6.8"]
[White "Lemeille, Francois"]
[Black "Belloc, Sidonie"]
[Result "1/2-1/2"]
[WhiteElo "1955"]
[BlackElo "1809"]
[PlyCount "86"]
[EventDate "2009.09.27"]
[EventType "team"]
[EventRounds "11"]
[EventCountry "FRA"]
[SourceDate "2009.07.26"]

1. e4 e6 2. d4 d5 3. Nd2 dxe4 4. Nxe4 Nd7 5. Nf3 Ngf6 6. Ng3 Be7 7. Bd3 b6 8.
O-O Bb7 9. Re1 O-O 10. Bg5 c5 11. c3 Rc8 12. Qe2 Re8 13. Rad1 Qc7 14. Ne5 h6
15. Nxd7 Nxd7 16. Bxe7 Rxe7 17. Nh5 g6 18. Qg4 Nf8 19. Nf4 f5 20. Qg3 g5 21.
Re5 cxd4 22. cxd4 Rce8 23. Rde1 Kf7 24. Nh5 Bd5 25. h4 Ng6 26. hxg5 Nxe5 27.
dxe5 Rg8 28. f4 Rg6 29. Nf6 Qb7 30. Rd1 Kf8 31. Qh3 Reg7 32. Qh5 Ke7 33. Nxd5+
Qxd5 34. Bf1 Qc5+ 35. Kh2 hxg5 36. Qh8 Rg8 37. Qh7+ R6g7 38. Qh6 Rg6 39. Qh7+
R8g7 40. Qh8 Rg8 41. Qh7+ R6g7 42. Qh6 Rg6 43. Qh7+ R8g7 1/2-1/2

[Event "FRA-chT2 0910"]
[Site "France"]
[Date "2009.12.13"]
[Round "6.1"]
[White "Simon, Olivier"]
[Black "Pozdnjakov, Viatcheslav"]
[Result "0-1"]
[WhiteElo "2314"]
[BlackElo "2220"]
[PlyCount "68"]
[EventDate "2009.09.27"]
[EventType "team"]
[EventRounds "11"]
[EventCountry "FRA"]
[SourceDate "2009.07.26"]

1. d4 Nf6 2. Nf3 c5 3. d5 b5 4. Bg5 Ne4 5. Qd3 Nxg5 6. Nxg5 e6 7. Nxf7 Qf6 8.
Nxh8 Qxb2 9. c3 c4 10. Qd2 Qxa1 11. Qc2 g6 12. Nxg6 hxg6 13. Qxg6+ Kd8 14. g3
Qb2 15. e3 b4 16. Bg2 Qc1+ 17. Ke2 Qb2+ 18. Kf1 Bb7 19. Qf6+ Be7 20. Qh8+ Kc7
21. d6+ Bxd6 22. Bxb7 Kxb7 23. Kg2 Nc6 24. Qh7 Kc7 25. cxb4 Rf8 26. Rf1 c3 27.
Qd3 c2 28. Nc3 c1=Q 29. Nb5+ Kb6 30. Rxc1 Rxf2+ 31. Kh3 Rxh2+ 32. Kg4 Qg7+ 33.
Kf3 Qxg3+ 34. Ke4 Rh4# 0-1

[Event "FRA-chT2 0910"]
[Site "France"]
[Date "2009.12.13"]
[Round "6.2"]
[White "Pozdnjakov, Evgueniy"]
[Black "Gulbas, Cemil"]
[Result "0-1"]
[WhiteElo "2234"]
[BlackElo "2359"]
[PlyCount "82"]
[EventDate "2009.09.27"]
[EventType "team"]
[EventRounds "11"]
[EventCountry "FRA"]
[SourceDate "2009.07.26"]

1. d4 d5 2. Nf3 Nf6 3. e3 c5 4. c4 e6 5. b3 Nc6 6. Bb2 cxd4 7. Nxd4 Bb4+ 8. Bc3
Qa5 9. Bxb4 Nxb4 10. Nd2 e5 11. Nc2 Bg4 12. Qc1 Nxc2+ 13. Qxc2 dxc4 14. Bxc4
O-O 15. O-O b5 16. b4 Qxb4 17. Rfb1 Qa4 18. Qxa4 bxa4 19. Bb5 Bd7 20. Nf3 Rab8
21. Bc4 e4 22. Ne5 Be6 23. Bxe6 fxe6 24. Nc6 Rb6 25. Rxb6 axb6 26. Rd1 Nd5 27.
g3 b5 28. Rb1 Nc3 29. Rb4 Kf7 30. a3 Rc8 31. Nd4 Rc5 32. Rb2 e5 33. Nc2 Rd5 34.
Kg2 Rd2 35. g4 Nd1 36. Rxb5 Rxf2+ 37. Kg3 Rxc2 38. Rxe5 Rc3 39. Kf4 Rxa3 40.
Rxe4 Nxe3 41. h4 Nd5+ 0-1

[Event "FRA-chT2 0910"]
[Site "France"]
[Date "2009.12.13"]
[Round "6.3"]
[White "Hautot, Stephane"]
[Black "Buchy, Daniel"]
[Result "1-0"]
[WhiteElo "2409"]
[BlackElo "2138"]
[PlyCount "57"]
[EventDate "2009.09.27"]
[EventType "team"]
[EventRounds "11"]
[EventCountry "FRA"]
[SourceDate "2009.07.26"]

1. e4 c5 2. Nf3 Nc6 3. d4 cxd4 4. Nxd4 g6 5. Nc3 Bg7 6. Nb3 Nf6 7. Be2 d6 8.
O-O a6 9. Re1 O-O 10. Bf1 b5 11. a4 b4 12. Nd5 Nxd5 13. exd5 Ne5 14. a5 Qc7 15.
Be3 Nc4 16. Bd4 Nxb2 17. Qd2 Nc4 18. Qxb4 Ne5 19. Bb6 Qd7 20. h3 g5 21. Nd4 Bb7
22. c4 g4 23. Ra3 e6 24. hxg4 exd5 25. Nf5 dxc4 26. Qd2 Kh8 27. Nxg7 Qxg4 28.
Rg3 Nf3+ 29. gxf3 1-0

[Event "FRA-chT2 0910"]
[Site "France"]
[Date "2009.12.13"]
[Round "6.5"]
[White "Clement, Frederic"]
[Black "Bouton, Christophe"]
[Result "0-1"]
[WhiteElo "2185"]
[BlackElo "2084"]
[PlyCount "122"]
[EventDate "2009.09.27"]
[EventType "team"]
[EventRounds "11"]
[EventCountry "FRA"]
[SourceDate "2009.07.26"]

1. e4 e6 2. Nc3 c5 3. Nf3 Nc6 4. d4 cxd4 5. Nxd4 Nf6 6. Nxc6 bxc6 7. e5 Nd5 8.
Ne4 Qc7 9. f4 f5 10. exf6 Nxf6 11. Nxf6+ gxf6 12. Qh5+ Kd8 13. Bd2 d5 14. c4 a5
15. Qh4 Be7 16. O-O-O d4 17. Be2 c5 18. Kb1 Bb7 19. Qh3 Kd7 20. Bd3 h5 21. Rhe1
f5 22. Re2 Raf8 23. Rde1 Rh6 24. Bxf5 Rxf5 25. Qxf5 exf5 26. Rxe7+ Kd6 27. Rxc7
Kxc7 28. Re7+ Kc8 29. Bxa5 Bxg2 30. Rc7+ Kb8 31. Rxc5 Be4+ 32. Kc1 Rg6 33. b4
Rg1+ 34. Kb2 Rg2+ 35. Kc1 Rxa2 36. Re5 d3 37. Re8+ Kb7 38. Rd8 Rc2+ 39. Kd1
Rxc4 40. Rd6 Rc2 41. h4 Bf3+ 42. Ke1 Re2+ 43. Kf1 Rb2 44. Ke1 Re2+ 45. Kf1 Bg2+
46. Kg1 d2 47. b5 Re1+ 48. Kxg2 d1=Q 49. Rxd1 Rxd1 50. Kf3 Rd5 51. Ke3 Rxb5 52.
Bd8 Rd5 53. Bf6 Kc6 54. Be7 Kb5 55. Bf6 Kc4 56. Bg7 Rd3+ 57. Ke2 Rh3 58. Bf6
Kd5 59. Kf2 Ke4 60. Bg5 Rf3+ 61. Kg2 Rxf4 0-1